[Event "IOM Open-Masters 2017"]
[Site "Douglas"]
[Date "2017.09.26"]
[Round "4"]
[White "Gelfand, Boris"]
[Black "Sunilduth Lyna, Narayanan"]
[Result "1-0"]
[WhiteElo "2737"]
[BlackElo "2568"]
[Annotator "TA"]
[PlyCount "159"]
[EventDate "2017.??.??"]
[EventType "swiss"]
[EventCountry "GBR"]
[SourceTitle "playchess.com"]
[Source "ChessBase"]
[SourceQuality "1"]

{[%evp 20,159,6,3,6,0,13,5,29,22,37,26,22,33,49,45,52,0,0,0,0,-8,32,0,0,0,47,47,47,54,58,62,56,63,71,63,71,71,92,87,81,71,71,71,67,66,100,71,59,69,110,91,79,59,82,51,52,45,144,144,144,144,144,144,152,144,152,0,147,120,116,121,147,147,155,155,155,155,155,121,141,134,147,126,126,133,133,127,141,121,157,121,121,121,155,150,228,227,368,370,368,367,357,360,303,172,230,226,353,323,326,328,634,634,600,591,991,552,1000,898,2317,1985,5182,5389,2712,2272,7931,7705,29948,12797,29963,29952,29978,29979,29979,29980,29980,29981,29981,29982,29980,29980]} 1. d4 Nf6 2. c4 g6 3. g3 c6 4. Bg2 d5 5. Nf3 Bg7 6. O-O O-O 7. Nbd2 Bf5 8. b3 a5 9. Bb2 Nbd7 {[%cal Bb8d7,Bd7b6,Bb6c8,Bc8a7,Ba7b5,Bb5c3][%mdl 32] D78: Fianchetto Grünfeld: 6 0-0 c6} (9... Ne4 10. Nh4 Nxd2 11. Qxd2 Be6 12. e4 dxc4 13. d5 Bxb2 14. Qxb2 cxd5 15. Rfd1 d4 16. bxc4 Nc6 17. Qxb7 Qc8 18. Qb5 Rb8 19. Qc5 Rb7 {0-1 (39) Nakamura,H (2789)-Mchedlishvili,M (2609) Baku 2016}) 10. Nh4 Be6 11. Qc2 {LiveBook: 3 Games} a4 {The position is equal.} 12. Rfc1 $146 ({Predecessor:} 12. e3 Ne8 13. Ba3 Bf6 14. Nhf3 Bf5 15. Qc1 Nd6 16. Bxd6 exd6 17. cxd5 cxd5 {1-0 (34) Grachev,B (2649)-Khusenkhojaev,M (2370) St Petersburg 2015}) 12... Nb6 13. c5 Nc8 14. Bc3 axb3 15. Nxb3 Ne4 16. Bxe4 dxe4 17. Qxe4 Na7 18. Qd3 (18. Nf3 $14) 18... Nb5 $11 19. a4 Nxc3 20. Qxc3 Qd5 (20... Bxb3 $5 21. Qxb3 Qxd4 $11) 21. Ra3 Rfd8 {[%cal Rg7d4]} 22. Nf3 Rd7 23. a5 Bg4 24. Re1 Rad8 25. Ra4 Bxf3 26. exf3 e6 27. f4 Bf6 28. Rb4 Bg7 29. Qe3 Ra8 30. Ra1 Bf6 31. Raa4 Bd8 32. Qe2 Ra6 33. Ra1 Bf6 34. h4 h5 35. Kh2 Ra7 36. Qe3 Ra8 37. Kg1 Ra7 38. Raa4 Ra8 ({Black should play} 38... Rd8 $1 $14) 39. Nd2 $16 {[%cal Bb3d2,Bd2f3,Bf3e5][%mdl 32]} Ra7 40. Nf3 Kg7 41. Ne5 Rd8 42. Qb3 Qe4 43. Qe3 ({Stronger than} 43. Rxb7 Rxb7 44. Qxb7 Bxe5 $11) 43... Qd5 $1 44. Rb1 Rda8 45. Qc3 Qd8 46. Rb6 Qd5 {[#]} 47. Qb4 $1 Bxe5 48. fxe5 Qd7 49. Qc3 Qd5 50. Rb1 Qd8 51. Kh2 Qd5 52. Rb2 Kg8 53. Rb6 Kg7 54. Kg1 Kg8 55. Qa1 Kg7 56. Qa2 Qd7 57. Qb3 Kg8 (57... Rc8 $16 {is a better defense.} 58. Qf3 Kg8) 58. Rab4 $18 Qd5 (58... Qc7 $142 59. Rxb7 Qxa5 60. Rb8+ Kh7) 59. Qxd5 exd5 60. Rxb7 Rxb7 61. Rxb7 Rxa5 {[%mdl 4096] Endgame KR-KR} 62. Rb4 (62. Rb6 $142) 62... Ra1+ (62... Kf8 $142 63. Kg2 Ke7 64. Rb7+ Ke6) 63. Kg2 Re1 (63... Kf8 {was necessary.} 64. Rb8+ Ke7 65. Rb7+ Ke8) 64. Rb6 Re4 65. Rxc6 Rxd4 $2 (65... Kf8 66. Rf6 Ke7) 66. Rc8+ Kg7 67. Kf3 Rd3+ 68. Ke2 Rc3 69. c6 {[%cal Bc5c6,Bc6c7][%mdl 32]} d4 70. c7 Kh7 71. Kd2 Kg7 {[#]} 72. f3 $1 {[%cal Bf2f3,Bf3g4][%mdl 544]} Kh7 (72... Rxf3 73. Rd8) 73. g4 hxg4 74. fxg4 Kg7 75. h5 {[%cal Bh4h5,Bh5h6][%mdl 32] White mates.} g5 {[#]} 76. h6+ $1 {[%mdl 512]} Kh7 (76... Kxh6 77. Rh8+) 77. Ke2 Re3+ 78. Kd1 Rd3+ 79. Kc2 Rc3+ 80. Kd2 {Precision: White = 79%, Black = 43%.} 1-0

[Event "IOM Open-Masters 2017"]
[Site "Douglas"]
[Date "2017.09.26"]
[Round "4"]
[White "Vallejo Pons, Francisco"]
[Black "Batsiashvili, Nino"]
[Result "1/2-1/2"]
[WhiteElo "2717"]
[BlackElo "2472"]
[Annotator "TA"]
[PlyCount "187"]
[EventDate "2017.??.??"]
[EventType "swiss"]
[EventCountry "GBR"]
[SourceTitle "playchess.com"]
[Source "ChessBase"]
[SourceQuality "1"]

{[%evp 23,186,14,28,8,15,13,31,-18,-4,-16,-12,-19,-19,-30,-24,-30,-34,-51,-45,-47,-16,-22,-10,-8,-6,-37,-22,-27,-13,-70,-29,-79,-80,-56,-60,-49,6,-7,-6,-33,0,0,0,-14,0,0,0,0,20,14,14,20,10,9,0,6,8,13,6,12,3,0,0,0,0,0,0,0,0,0,0,0,0,0,0,0,0,8,0,0,0,0,0,0,0,0,0,0,1,0,0,0,0,0,0,0,0,0,0,0,0,0,0,0,0,0,8,0,0,0,0,0,0,0,0,0,0,0,0,0,0,0,0,0,0,0,0,0,0,0,0,0,0,0,0,0,0,0,0,0,0,0,0,0,0,0,0,0,0,0,0,0,0,0,0,0,0,0,0,0,0,0,0,0,0]} 1. e4 e5 2. Nf3 Nc6 3. Bc4 Nf6 {[%cal Bg8f6,Bf6d5,Bd5f4,Bf4d3][%mdl 32]} 4. Ng5 d5 5. exd5 Na5 6. Bb5+ c6 7. dxc6 bxc6 8. Bd3 Nd5 {C58: Two Knights: 4 Ng5 d5 5 exd5 Na5 sidelines} 9. Nf3 Bd6 10. O-O Nf4 (10... O-O 11. Re1 Re8 12. Nc3 f5 13. Nxd5 cxd5 14. Bb5 Bd7 15. Bxd7 Qxd7 16. d3 {½-½ (46) Zhigalko,S (2671)-Amin,B (2662) Doha 2016}) 11. Re1 Nxd3 12. cxd3 O-O {LiveBook: 43 Games} 13. Nc3 Re8 14. b3 Ba6 15. Bb2 Bxd3 16. Ne4 f6 $146 17. Nh4 Bf8 18. Qf3 Nb7 19. Re3 Bxe4 $1 20. Qxe4 Qxd2 21. Qxc6 Na5 {[%cal Bb7a5,Ba5c6,Bc6d4][%mdl 32]} ({Not} 21... Qxb2 22. Qd5+ Re6 23. Qxe6+ Kh8 24. Ng6+ $1 {[%mdl 512]} hxg6 25. Rh3#) 22. Qe4 Rad8 ({Worse is} 22... Qxb2 23. Qd5+ Re6 24. Qxe6+ Kh8 {[#]} 25. Ng6+ $1 {[%mdl 512]} hxg6 26. Rh3#) 23. Bc3 Qd5 24. Qg4 Nc6 25. h3 Nd4 {Strongly threatening ...Nc2.} 26. Rg3 (26. Nf5 $11) 26... Qd7 {...Qxg4 is the strong threat.} (26... Ne6 {seems wilder.} 27. Nf5 g6 28. Ne3 Qb7 29. Qc4 Qf7) 27. Re1 Qxg4 28. hxg4 g6 29. Nf3 Bh6 ({Better is} 29... Nc2 $15 30. Re2 Nb4) 30. Rh3 $36 {[%mdl 2048] Black is under pressure.} Bf4 31. Kf1 Nc2 32. Re4 {The position is equal.} Rd3 33. Ne1 Nxe1 34. Kxe1 Rxh3 35. gxh3 $11 {[%mdl 4096] Endgame KRB-KRB} Rc8 36. Bd2 Bxd2+ 37. Kxd2 {KR-KR} a5 38. Re3 Kf7 39. Rc3 Rd8+ 40. Rd3 Rb8 41. Rd7+ Ke6 $1 {[%cal Re6d7]} 42. Ra7 (42. Rxh7 {looks sharper.} a4 43. Kc3 axb3 44. axb3 Rc8+ 45. Kb2) 42... Rb5 $1 43. Ra6+ Kf7 44. Ra7+ Ke6 45. Rxh7 a4 $1 46. Kc3 axb3 47. axb3 Rc5+ 48. Kb2 Rd5 49. Rc7 Rd2+ 50. Rc2 Rd3 51. Rc3 Rd2+ 52. Rc2 Rd3 53. Rc6+ Ke7 54. b4 Rf3 55. Rc2 Rxh3 56. b5 Kd7 57. b6 Rh8 58. Rc7+ Kd6 59. Rf7 Ke6 60. Rg7 Rb8 61. b7 Kd5 62. Kc3 f5 63. g5 e4 64. Kb4 f4 65. Kb5 e3 66. fxe3 fxe3 {aiming for ...e2.} 67. Kb6 Re8 68. Rd7+ Ke4 {White must now prevent ...e2.} 69. Kc7 e2 70. b8=Q Rxb8 71. Kxb8 {KR-KPP} Kf5 72. Re7 Kxg5 73. Rxe2 {KR-KP} (73. Kc7 {keeps more tension.} Kf4 74. Kd6 g5 75. Kc5 g4 76. Kc4) 73... Kf4 74. Rf2+ Ke4 75. Rg2 Kf5 76. Kc7 g5 77. Kd6 g4 78. Kd5 Kf4 79. Rf2+ Ke3 $1 {[%cal Re3f2]} 80. Ra2 g3 81. Ke5 Kf3 82. Ra3+ Kf2 $1 83. Kf4 g2 84. Ra2+ Kg1 85. Ra8 Kf2 86. Ra2+ Kg1 87. Ra7 $1 {Intending Kf3 and mate.} Kf2 88. Ra2+ Kg1 89. Ra6 {White wants to mate with Kf3.} Kf2 90. Ra2+ Kg1 91. Ra5 {Threatening mate with Kf3.} Kf2 92. Ra2+ $2 {[%mdl 8192]} (92. Ra1) 92... Kg1 93. Kf3 $1 Kh1 94. Rxg2 {Precision: White = 67%, Black = 79%.} 1/2-1/2

[Event "IOM Open-Masters 2017"]
[Site "Douglas"]
[Date "2017.09.26"]
[Round "4"]
[White "Naiditsch, Arkadij"]
[Black "Donchenko, Alexander"]
[Result "1/2-1/2"]
[WhiteElo "2702"]
[BlackElo "2559"]
[Annotator "TA"]
[PlyCount "100"]
[EventDate "2017.??.??"]
[EventType "swiss"]
[EventCountry "GBR"]
[SourceTitle "playchess.com"]
[Source "ChessBase"]
[SourceQuality "1"]

{[%evp 19,100,-5,-4,-30,-25,-23,12,20,12,12,12,12,5,0,39,-31,-37,-40,-35,-43,-46,-97,-96,-112,-87,-99,-93,-93,-96,-94,-96,-103,-100,-97,-94,-99,-99,-106,-106,-124,-97,-116,-114,-151,-144,-137,-139,-154,-154,-154,-154,-154,-154,-154,-154,-182,-77,-182,-124,-124,-97,-97,-97,-104,-97,-104,-97,-104,-104,-97,-97,-112,-111,-111,-63,-66,-66,-73,-74,-74,0,-83,0]} 1. e4 c6 2. d4 d5 3. e5 Bf5 4. Nd2 e6 5. Nb3 Nd7 6. Nf3 Ne7 {B12: Caro-Kann: Advance Variation} (6... a6 7. Be2 c5 8. dxc5 Bxc5 9. Nxc5 Nxc5 10. Be3 Rc8 11. O-O Ne7 12. c4 O-O 13. Rc1 Qa5 14. Bg5 {½-½ (29) Kravtsiv,M (2657)-Najer,E (2706) Kocaeli 2017}) 7. Be2 h6 8. O-O g5 9. Ne1 Qc7 10. Bd2 c5 {LiveBook: 5 Games} 11. dxc5 Bg7 $146 ({Predecessor:} 11... Nc6 12. Nd3 Bg7 13. Bc3 O-O-O 14. Nd4 Nxd4 15. Bxd4 {½-½ (49) Praggnanandhaa,R (2442)-Nihal,S (2324) Batumi 2016}) 12. Ba5 Qb8 (12... Qxe5 $2 13. Bc3 $18) (12... b6 {with more complications.} 13. cxb6 axb6 14. Bc3 O-O 15. Nf3 Bg6) 13. Bb5 Nc6 14. Bxc6 bxc6 15. Nd4 Bg6 16. Nd3 ({Not} 16. Nxc6 $2 Qb5 $19) 16... Bxd3 17. cxd3 (17. Qxd3 $14 Qxb2 18. Nxc6 Nxc5 19. Qe2) 17... Qxb2 $15 18. Qa4 ({Wrong is} 18. Nxc6 $2 Qb5 $17) 18... Rc8 $1 19. Rac1 $1 Qb7 $1 20. Rfe1 ({White should play} 20. Nf3 $15) 20... Qa6 21. Nf3 Rb8 {[#] ...Rb5 is the strong threat.} 22. Nd4 Nxe5 23. Rxe5 Bxe5 24. Nxc6 Qb5 25. Qxb5 Rxb5 26. a4 {[#]} Rxa5 $1 {[%mdl 512]} 27. Nxa5 $17 {[%mdl 4096] Endgame KRB-KRN} Kd7 28. Nb7 Rc8 29. Kf1 f5 ({Weaker is} 29... Bxh2 30. g3 $16) 30. g3 Bd4 31. Ke2 Rc6 32. h4 Kc7 33. Na5 Rxc5 34. Rxc5+ Bxc5 35. hxg5 hxg5 {KB-KN} 36. Nb3 Kc6 37. f4 Bd6 (37... g4 $19 {and Black stays clearly on top.} 38. d4 Bb4) 38. Ke3 (38. fxg5 $17 {might work better.} Bxg3 39. Kf3) 38... gxf4+ (38... g4 $19 39. Nd4+ Kd7) 39. gxf4 e5 40. fxe5 Bxe5 41. Kf3 Kd7 42. Ke3 Bc7 43. Kf3 Bb6 44. Kf4 Ke6 45. Kg3 Ke5 46. Kf3 f4 47. Kg4 Be3 48. Kf3 Kf5 49. Na5 Ke5 50. Nb3 $1 Kf5 {Precision: White = 60%, Black = 68%.} (50... Kd6 $17) 1/2-1/2

[Event "IOM Open-Masters 2017"]
[Site "Douglas"]
[Date "2017.09.26"]
[Round "4"]
[White "Howell, David W L"]
[Black "Mekhitarian, Krikor Sevag"]
[Result "1/2-1/2"]
[WhiteElo "2701"]
[BlackElo "2534"]
[Annotator "TA"]
[PlyCount "77"]
[EventDate "2017.??.??"]
[EventType "swiss"]
[EventCountry "GBR"]
[SourceTitle "playchess.com"]
[Source "ChessBase"]
[SourceQuality "1"]

{[%evp 17,77,17,30,31,64,67,57,51,76,54,86,92,93,37,46,43,60,50,110,18,104,34,51,-18,-12,-14,-23,-17,-14,-34,-36,-58,-51,-43,-36,-39,-41,-37,-38,-35,-38,-60,0,0,0,0,0,0,0,0,0,0,0,0,0,0,0,-24,-20,-77,-66,-73]} 1. e4 c5 2. c3 Nf6 3. e5 Nd5 4. Nf3 Nc6 5. Bc4 Nb6 6. Bb3 c4 7. Bc2 d5 8. exd6 e5 {B22: Sicilian: 2 c3} (8... Qxd6 9. O-O Bg4 10. h3 Bh5 11. Re1 e6 12. b3 Be7 13. Qe2 cxb3 14. axb3 O-O 15. d4 Rfd8 16. Bxh7+ Kxh7 17. Ng5+ Bxg5 18. Qxh5+ {½-½ (44) Nakamura,H (2787)-Vachier Lagrave,M (2785) Gibraltar 2016}) 9. O-O Be6 {LiveBook: 20 Games} 10. a4 {[%cal Ba2a4,Ba4a5,Ba5a6][%mdl 32]} Bxd6 {White is slightly better.} 11. a5 Nd7 12. d4 $146 ({Predecessor:} 12. a6 bxa6 13. Rxa6 Qc8 14. Ra1 Nc5 15. d4 cxd3 16. Bxd3 Nxd3 17. Qxd3 {½-½ (38) Roberson,P (2401)-Lalic,B (2443) London 2016}) 12... cxd3 13. Qxd3 Be7 {[#]} 14. a6 $1 {[%cal Ra6b7]} b6 15. Re1 ({White should play} 15. Na3 $16) 15... Rc8 $14 16. Na3 Bxa3 17. Rxa3 f6 ({Black should try} 17... h6 $14) 18. Be3 (18. Nd4 $16 Nxd4 19. cxd4) 18... Kf7 {[#]} (18... Qc7 $11 {remains equal.}) 19. Raa1 (19. Nh4 $1 $16) 19... Qc7 20. Rad1 ({Better is} 20. Qe2 $14) 20... Nb4 $1 $11 {[%cal Rb4d3]} 21. Qe2 Nxc2 22. Qxc2 Nb8 23. Qa4 Rhd8 24. h3 Qc4 25. Qa3 Qb3 (25... Rxd1 {is more complex.} 26. Rxd1 Nc6 27. Qa1 Ne7 28. Nd2 Qd5) 26. Qxb3 Bxb3 27. Rxd8 Rxd8 28. Nd2 Be6 29. Ra1 Bc8 (29... Nc6 $15) 30. b4 {[%cal Bb2b4,Bb4b5][%mdl 32]} Bxa6 31. c4 Rd7 32. b5 Bc8 33. c5 bxc5 34. Ne4 Rc7 35. Bxc5 Ke6 36. Bxa7 Nd7 37. g4 Bb7 38. Ng3 (38. Nd2 $11) 38... g6 39. Re1 {Precision: White = 42%, Black = 49%.} 1/2-1/2

[Event "IOM Open-Masters 2017"]
[Site "Douglas"]
[Date "2017.09.26"]
[Round "4"]
[White "Rodshtein, Maxim"]
[Black "Brunello, Sabino"]
[Result "1-0"]
[WhiteElo "2695"]
[BlackElo "2555"]
[Annotator "TA"]
[PlyCount "89"]
[EventDate "2017.??.??"]
[EventType "swiss"]
[EventCountry "GBR"]
[SourceTitle "playchess.com"]
[Source "ChessBase"]
[SourceQuality "1"]

{[%evp 17,89,25,29,17,17,15,27,27,25,16,21,19,27,23,27,33,33,35,35,31,94,87,87,87,86,88,83,84,91,89,98,82,88,63,71,68,76,72,155,154,154,126,137,134,175,178,173,174,175,166,161,156,193,175,229,211,254,228,300,294,346,331,346,341,397,336,387,0,362,365,361,360,344,357]} 1. d4 d5 2. c4 e6 3. Nc3 Nf6 4. cxd5 exd5 5. Bg5 c6 6. e3 h6 7. Bh4 Be7 8. Qc2 Nbd7 9. Bd3 Nh5 10. Bxe7 {D36: Queen's Gambit Declined: Exchange Variation: Main line (5 Bg5 c6 6 Qc2)} Qxe7 11. O-O-O Nb6 12. Kb1 {White has an edge.} Nf6 13. Rc1 $146 ({Predecessor:} 13. h3 Be6 14. Nf3 O-O-O 15. Ne5 Nfd7 16. f4 Nxe5 17. dxe5 Kb8 {1-0 (36) Le,Q (2712)-Meier,G (2632) Dubai 2014}) 13... Be6 14. Nf3 O-O-O 15. Na4 Nfd7 16. Nc5 Nxc5 17. dxc5 Nc4 18. Ka1 Kb8 {[#]} (18... Qf6 $14) 19. b3 $1 $16 {[%cal Rb3c4]} Qf6+ 20. Qc3 Qxc3+ 21. Rxc3 Na3 22. Kb2 Nb5 23. Bxb5 cxb5 24. c6 bxc6 25. Ne5 $36 {[%mdl 2048] White is pushing.} Kb7 26. Nxc6 Rc8 {[#]} 27. Rhc1 $1 f6 ({Better is} 27... Kb6) 28. Rc5 a6 29. b4 Rhe8 30. Nd4 Bd7 31. Rxd5 Rxc1 32. Kxc1 $18 {[%mdl 4096] Endgame KRB-KRN} Kc7 33. Kd2 g5 34. a3 Re7 35. Kd3 Re8 (35... h5 $142 36. f3 h4 37. Rc5+ Kd6) 36. e4 Re7 37. f3 Re8 38. g3 Re7 39. Ke3 Re8 40. h4 Re7 41. Rc5+ Kd6 42. Rd5+ Kc7 43. Nf5 Rh7 44. f4 gxf4+ 45. gxf4 {Precision: White = 90%, Black = 39%.} ({Weaker is} 45. Kxf4 h5 $18) 1-0

[Event "IOM Open-Masters 2017"]
[Site "Douglas"]
[Date "2017.09.26"]
[Round "4"]
[White "Leko, Peter"]
[Black "Panchanathan, Magesh Chandran"]
[Result "1-0"]
[WhiteElo "2679"]
[BlackElo "2481"]
[Annotator "TA"]
[PlyCount "111"]
[EventDate "2017.??.??"]
[EventType "swiss"]
[EventCountry "GBR"]
[SourceTitle "playchess.com"]
[Source "ChessBase"]
[SourceQuality "1"]

{[%evp 22,111,29,13,12,12,30,47,30,41,76,66,49,18,139,45,112,102,215,213,218,212,212,204,233,227,223,215,198,206,221,233,233,222,214,122,107,127,210,210,225,221,229,200,221,172,185,172,162,172,162,85,77,77,248,60,95,98,187,190,356,342,387,358,608,601,594,587,556,558,541,526,508,500,500,477,469,460,5133,5189,6219,6070,2695,2029,29977,29973,6103,6177,6436,4186,2255,2072]} 1. e4 e5 2. Nf3 Nc6 3. Bb5 {[%cal Bf1b5,Bb5a4,Ba4b3][%mdl 32]} a6 4. Ba4 Nf6 5. O-O Be7 6. Re1 b5 7. Bb3 d6 8. c3 O-O 9. h3 Nb8 10. d4 Nbd7 11. Nbd2 c5 12. Bc2 {LiveBook: 8 Games. C95: Closed Ruy Lopez: Breyer Variation with 10 d4} (12. Nf1 {with more complications.} a5 13. a4 b4 14. d5 Nb6 15. c4) 12... cxd4 13. cxd4 exd4 14. Nxd4 {White has an edge.} Bb7 15. a4 (15. Nf5 Re8 16. Nb3 Bf8 17. Nxd6 Bxd6 18. Qxd6 Bxe4 19. Bxe4 Nxe4 {½-½ (42) Sutovsky,E (2646)-Ponomariov,R (2712) Minsk 2017}) 15... b4 $146 ({Predecessor:} 15... bxa4 16. Nf5 Rc8 17. Rxa4 g6 18. Nxe7+ Qxe7 19. Nc4 Nc5 20. Qxd6 Qxd6 21. Nxd6 Nxa4 22. Nxc8 Rxc8 23. Bxa4 Nxe4 {1-0 (59) Roberts,A (2162)-Onder,E (2033) LSS email 2013}) 16. Nf5 $1 Rc8 17. Nf1 Nc5 (17... Re8 $11 {remains equal.}) 18. N1g3 (18. Bf4 $16) 18... Re8 (18... g6 $14) 19. Bg5 $16 h6 (19... Bf8 $16 {was necessary.}) 20. Nxe7+ $18 Qxe7 21. Nf5 $1 {[%csl LRd6,LRe7]} Qe6 22. Bxf6 $1 Qxf6 23. Nxd6 Red8 24. e5 Qg5 {[%csl Gb7][%cal Rg5g2]} 25. g3 $1 Rc7 26. h4 Qe7 27. Qg4 {Nf5 is the strong threat.} Qe6 28. Qxe6 ({Resist} 28. Qxb4 $6 Ba8 $16) (28. Bf5 $1 $18 {[%cal Rf5e6]} Qd5 29. Nxb7 Qxb7 30. Rad1) 28... Nxe6 $16 29. Rac1 Ba8 (29... Rdd7 $16) 30. f4 $18 Kf8 {and if ...Nd4 works, Black does fine.} 31. Kf2 Nc5 32. Bb1 a5 33. Red1 Rc6 34. Ne4 $1 Rxd1 35. Rxd1 Ke7 36. Nxc5 ({White should play} 36. Nd6 $18) 36... Rxc5 {[%mdl 4096] Endgame KRB-KRB} 37. Rd2 Bd5 $2 (37... b3 $16 {might work better.}) 38. Bd3 $2 (38. Rc2 $1 $18 {[%cal Rc2c5]} Rc4 39. Rxc4 Bxc4 40. Bc2) 38... f6 39. exf6+ $1 Kxf6 {[#]} (39... gxf6 $16 40. Re2+ Kf8) 40. Rc2 $1 {[%cal Rc2c5]} Rxc2+ $2 (40... Rc6 {was called for.} 41. Ke3 Rxc2 42. Bxc2 Ke6) 41. Bxc2 {KB-KB} h5 42. Ke3 Ke6 $2 (42... Ke7 43. Bd1 Bc6) 43. Bd1 Bc6 44. Kd4 Kd6 45. Bxh5 Bxa4 {[#]} 46. Kc4 $1 Bc6 47. Bg6 Bd7 48. Be4 Kc7 49. Kc5 b3 (49... Kd8 $142 50. Bc2 Ke7) 50. f5 Kd8 51. Kd6 Bb5 52. g4 {[%cal Bg3g4,Bg4g5][%mdl 32]} a4 53. g5 a3 54. bxa3 {White is clearly winning.} Be2 55. Kc5 Bd1 56. Kd4 {Precision: White = 70%, Black = 25%.} 1-0

[Event "IOM Open-Masters 2017"]
[Site "Douglas"]
[Date "2017.09.26"]
[Round "4"]
[White "Kasimdzhanov, Rustam"]
[Black "Carlsen, Magnus"]
[Result "1/2-1/2"]
[WhiteElo "2676"]
[BlackElo "2827"]
[Annotator "TA"]
[PlyCount "144"]
[EventDate "2017.??.??"]
[EventType "swiss"]
[EventCountry "GBR"]
[SourceTitle "playchess.com"]
[Source "ChessBase"]
[SourceQuality "1"]

{[%evp 11,144,37,48,52,51,47,66,41,51,21,52,19,23,24,39,8,14,3,13,8,3,-2,9,2,14,15,14,0,8,3,10,-4,5,0,0,0,18,14,102,0,0,0,0,0,0,0,0,0,0,0,22,14,23,0,33,0,0,0,30,16,14,7,14,0,0,0,0,0,0,0,0,-14,-13,-13,-6,-19,-20,-19,-19,-19,-19,-19,-8,-8,-8,-8,-8,-8,-8,-8,0,0,0,0,0,0,0,0,0,0,0,0,0,0,0,0,0,-8,0,-8,0,0,0,0,0,-8,-8,-8,-8,-8,-8,-8,-8,-8,-8,-8,-8,-8,-8,-8,0,-8,0,-25,0]} 1. e4 Nc6 2. Nf3 d6 3. d4 Nf6 4. d5 Nb8 5. Bd3 g6 6. O-O Bg7 7. c4 {B07: Pirc Defence: Miscellaneous Systems} O-O 8. Nc3 (8. h3 e5 9. Nc3 Na6 10. a3 Nh5 11. Re1 Qe8 12. b4 h6 13. c5 f5 14. Bd2 Nf6 15. exf5 gxf5 {½-½ (59) Tabatabaei,M (2509)-Maghsoodloo,P (2584) Teheran 2017}) 8... Bg4 9. Be2 $146 {White is slightly better.} ({Predecessor:} 9. h3 Bxf3 10. Qxf3 Nbd7 11. Qe2 c6 12. Bd2 {1-0 (53) Poniaev,R (2265)-Nikolaev,N (2411) Dagomys 2010}) 9... Nfd7 10. Bg5 a5 11. Nd2 Bxe2 12. Qxe2 c6 13. Kh1 a4 14. a3 Nc5 15. f4 Nbd7 16. Nf3 Qc7 17. Rad1 Rae8 18. f5 Qa5 19. Na2 Nf6 20. Nd2 Ncd7 21. Nf3 Nc5 22. Nd2 Ncd7 23. Nf3 Rc8 24. Nb4 Rfe8 {[#]} (24... cxd5 $11 {remains equal.} 25. Nxd5 (25. exd5 Rfe8 $11) 25... Rfe8) 25. Bd2 (25. e5 $1 $16) 25... Qc7 $11 26. dxc6 bxc6 27. Bc3 e5 28. Nd2 Nc5 29. Rf3 Nh5 30. g3 Bh6 31. Rdf1 Qe7 32. Nd3 Nxd3 (32... Nd7 {feels hotter.} 33. Qd1 Nhf6 34. Re1 Qd8 35. Rff1 d5) 33. Rxd3 Nf6 34. Rdf3 Rf8 {[#]} 35. c5 $1 {[%mdl 512]} d5 (35... dxc5 36. Nc4) 36. exd5 cxd5 37. fxg6 ({Don't blunder} 37. Bxe5 $2 Nd7 $19) 37... fxg6 38. Qxe5 ({Don't go for} 38. Bxe5 $2 Nd7 $19) 38... Qxe5 39. Bxe5 Nd7 40. Rxf8+ Bxf8 41. Bd4 (41. Bd6 {keeps more tension.} Bh6 42. Bf4 Bxf4 43. Rxf4 Nxc5 44. Rd4) 41... Nxc5 42. Rc1 Bh6 43. Bxc5 Bxd2 44. Rd1 Rxc5 45. Rxd2 {[%mdl 4096] Endgame KR-KR} Kf7 46. Rd4 $1 Ke6 47. Rxa4 Rc2 48. Kg1 Rxb2 49. Rh4 Rb7 50. Kf2 Kd6 51. Ke3 Kc5 52. Kd3 Rb3+ 53. Kc2 Rxa3 {Hoping for ...h5.} 54. Rxh7 Kc4 55. Rc7+ Kd4 56. Rc6 Ra2+ 57. Kb3 Rxh2 58. Rxg6 Kd3 59. g4 d4 60. g5 Rg2 61. Rh6 Ke2 62. Rh1 Rg3+ 63. Kb2 Rxg5 {Strongly threatening ...Rg2.} 64. Rh2+ Kd3 {aiming for ...Re5.} 65. Rh3+ Kc4 66. Kc2 Rg2+ 67. Kd1 Rb2 68. Rg3 Rh2 69. Rf3 Rh1+ 70. Kd2 Rh2+ 71. Kd1 Rh1+ 72. Kd2 Rh2+ {Precision: White = 62%, Black = 56%.} 1/2-1/2